[Event "Norway Chess op-B"]
[Site "Stavanger"]
[Date "2025.05.27"]
[Round "2"]
[White "Karthik, Shetty"]
[Black "Texe, Eirik"]
[Result "0-1"]
[WhiteElo "1639"]
[BlackElo "1842"]
[PlyCount "54"]
[EventDate "2025.05.27"]
[EventType "swiss"]
[EventRounds "9"]
[EventCountry "NOR"]
[SourceTitle "CB23_2025"]
[SourceDate "2025.06.04"]
[SourceVersion "1"]
[SourceVersionDate "2025.06.04"]
[SourceQuality "1"]

1. e4 e5 2. Nf3 Nc6 3. Bc4 Nf6 4. Nc3 Nxe4 5. Bxf7+ Kxf7 6. Nxe4 d5 7. Neg5+ Kg8 8. d4 h6 9. Nh3 Bxh3 10. gxh3 e4 11. Ne5 Qf6 12. Nxc6 bxc6 13. Be3 Rb8 14. b3 Bb4+ 15. Kf1 Bc3 16. Rc1 c5 17. Qh5 g5 18. h4 cxd4 19. Rg1 dxe3 20. Rg2 e2+ 21. Kxe2 Qa6+ 22. Ke3 Qb6+ 23. Ke2 Qb5+ 24. Ke3 d4+ 25. Kxe4 Re8+ 26. Kf3 Qe2+ 27. Kg3 Qxh5 0-1